|
|
|
|
| LEADER |
00000nam1a2200000 4500 |
| 001 |
379802 |
| 005 |
20231101062630.0 |
| 011 |
|
|
|a 0025-0015
|
| 035 |
|
|
|a (RuTPU)RU\TPU\prd\240
|
| 035 |
|
|
|a PERI00000240
|
| 090 |
|
|
|a 379802
|
| 100 |
|
|
|a 20011210b1965 k y0rusy50 ca
|
| 101 |
0 |
|
|a rus
|
| 102 |
|
|
|a LV
|
| 200 |
1 |
|
|a Магнитная гидродинамика
|e научно-теоретический журнал
|f Латвийская академия наук (ЛАН)
|
| 210 |
|
|
|a Рига
|c Зинатне
|d 1972-1996
|
| 305 |
|
|
|a Издается с 1965 г.
|
| 326 |
|
|
|a 4 номера в год
|
| 610 |
1 |
|
|a магнетизм
|
| 610 |
1 |
|
|a гидродинамика
|
| 610 |
1 |
|
|a магнитная гидродинамика
|
| 675 |
|
|
|a 537.84
|v 3
|
| 712 |
0 |
2 |
|a Латвийская академия наук (ЛАН)
|2 stltpush
|3 (RuTPU)RU\TPU\col\6762
|
| 801 |
|
0 |
|a RU
|b 63413507
|c 20011210
|g PSBO
|
| 801 |
|
2 |
|a RU
|b 63413507
|c 20130603
|g PSBO
|
| 942 |
|
|
|c CR
|